| 000 | 01981cam a22005054i 4500 | ||
|---|---|---|---|
| 003 | PE-LiUPU | ||
| 005 | 20250731173342.0 | ||
| 008 | 150706s r 000 0 d | ||
| 020 | _a8431318627 | ||
| 035 | _a(Sirsi) i9788431318628 | ||
| 040 |
_aPE-LiUPU _bspa _cPE-LiUPU _erda |
||
| 049 | _aPRUA | ||
| 082 | 0 | 4 |
_a232 _bG25 _221 |
| 100 | 1 |
_aGarcía-Moreno, Antonio, _d1932- , _eautor. |
|
| 245 | 1 | 0 |
_aJesús el nazareno, el rey de los judíos : _bestudios de cristología joánica / _cAntonio García-Moreno. |
| 250 | _a2a | ||
| 264 | 1 |
_aBarañáin (Navarra) : _bEUNSA, _c2001. |
|
| 300 |
_a455 páginas ; _c25 centímetros |
||
| 336 |
_atext _2rdacontent |
||
| 337 |
_aunmediated _2rdamedia |
||
| 338 |
_avolume _2rdacarrier |
||
| 490 | 0 |
_aColección teológica ; _v103 |
|
| 504 | _aIncluye bibliografía. | ||
| 505 | 0 | _aCuestiones introductorias -- El lógos, misterio y revelación -- Jesucristo, cordero de Dios -- Antonio García-Moreno -- El rey de los judíos -- Jesús, el Templo nuevo -- Cristo, pan bajado del cielo -- La luz, el pastor, la resurrección -- El camino, la verdad, La vid verdadera -- Señor mío y Dios mío. | |
| 526 | _aSEG42 | ||
| 526 | _aSEG41 | ||
| 526 | _aSEG40 | ||
| 526 | _aSEG39 | ||
| 526 | _aP94 | ||
| 526 | _aP87 | ||
| 526 | _aP86 | ||
| 526 | _aP85 | ||
| 526 | _aP77 | ||
| 526 | _aP76 | ||
| 526 | _aP35 | ||
| 541 | _g007-0020316; | ||
| 630 |
_aBiblia. _pN.T. _pJuan _xCrítica e interpretación. |
||
| 650 | 0 | 4 | _aCristología. |
| 910 |
_bjv _cng _d20090910 |
||
| 942 |
_2ddc _cBOOK |
||
| 949 |
_a232 G25 _wDEWEY _c1 _i60317 _lCCODEBUL1 _mBUL _p49.00 _r0 _sY _tBOOK _u2015-7-6 _xTEOLOGIA _zUNKNOWN _0COMPRA _o.STAFF. Colección General |
||
| 994 |
_aC0 _bPEPRU |
||
| 596 | _a1 | ||
| 999 |
_a232 G25 _wDEWEY _c49778 _i60317 _f2021-11-9 _g5 _lCCODEBUL1 _mBUL _p49.00 _r0 _sY _tBOOK _u2015-7-6 _xTEOLOGIA _zUNKNOWN _0COMPRA _o.STAFF. Colección General _d49778 |
||
| 980 |
_81 _gALBERTO SANCHEZ Responsable de Automatización |
||